000
00301nam a2200109Ia 4500
008
220204s9999 xx 000 0 und d
082
_a
331.556
_b
FRA
245
0
_a
Migration: Causes, correlates, consequences trends and policies
260
_a
Bombay
_b
Himalaya
_c
1987
650
_a
Migration
942
_c
BK
999
_c
39638
_d
39638